Men to bombay women at home (Record no. 590270)

MARC details
000 -LEADER
fixed length control field 00955nam a2200265Ia 4500
003 - CONTROL NUMBER IDENTIFIER
control field OSt
005 - DATE AND TIME OF LATEST TRANSACTION
control field 20220925232105.0
008 - FIXED-LENGTH DATA ELEMENTS--GENERAL INFORMATION
fixed length control field 220923b |||||||| |||| 00| 0 eng d
020 ## - INTERNATIONAL STANDARD BOOK NUMBER
International Standard Book Number 0891480358
037 ## - SOURCE OF ACQUISITION
Terms of availability General Book
040 ## - CATALOGING SOURCE
Original cataloging agency RTL
Transcribing agency RTL
Language of cataloging eng
041 ## - LANGUAGE CODE
Source of code eng
Language code of text/sound track or separate title eng
100 ## - MAIN ENTRY--PERSONAL NAME
Personal name Dandekar Hemalata C
9 (RLIN) 138323
245 #0 - TITLE STATEMENT
Title Men to bombay women at home
Remainder of title Urban influence on Sugao village deccan Maharastra, India,1942-1982
260 ## - PUBLICATION, DISTRIBUTION, ETC.
Place of publication, distribution, etc. Michigan
Name of publisher, distributor, etc. University of Michigan
Date of publication, distribution, etc. 1986
300 ## - PHYSICAL DESCRIPTION
Extent xix, 325p
Dimensions cm.
490 ## - SERIES STATEMENT
Series statement Michigan Papers on South and Southeast Asia. 28. University of Michigan, Centre for South and Southeast Asian Studies
500 ## - GENERAL NOTE
General note Bibliography: P 311-17; Glossary: P 305-10
650 ## - SUBJECT ADDED ENTRY--TOPICAL TERM
Topical term or geographic name entry element Rural Social Change
9 (RLIN) 232348
942 ## - ADDED ENTRY ELEMENTS (KOHA)
Classification part Y31:6.235G.N8, M6
Koha item type General Books
Source of classification or shelving scheme Colon Classification (CC)
Holdings
Withdrawn status Lost status Damaged status Not for loan Home library Current library Date acquired Total Checkouts Full call number Barcode Date last seen Price effective from Koha item type
        Ratan Tata Library Ratan Tata Library 2022-09-25   Y31:6.235G.N8 M6 RT0952893 2022-09-25 2022-09-25 General Books
Copyright @ Delhi University Library System